ALL Pentatonix Songs - Statistics

General Stats
  • This quiz has been taken 31 times
    26 since last reset
  • The average score is 61 of 190
Answer Stats
Album Track # Title % Correct
PTX Vol. IV: Classics 1 Bohemian Rhapsody
83%
PTX Vol. II 8 Daft Punk
83%
A Pentatonix Christmas 8 Hallelujah
83%
A Pentatonix Christmas 16 Hallelujah (feat. The String Mob)
83%
PTXmas 7 Little Drummer Boy
83%
Pentatonix 3 Sing
75%
PTX Presents: Top Pop, Vol I 1 Attention
67%
Pentatonix 2 Can't Sleep Love
67%
Pentatonix 17 Can't Sleep Love (feat. Tink)
67%
PTX Presents: Top Pop, Vol I 4 Havana
67%
PTX Vol. IV: Classics 5 Take On Me
67%
That's Christmas to Me 5 That's Christmas to Me
67%
PTX Vol. I 4 Aha!
58%
PTX Vol. II 1 Can't Hold Us
58%
PTXmas 3 Carol of the Bells
58%
Pentatonix 15 Cheerleader
58%
That's Christmas to Me 7 Dance of the Sugar Plum Fairy
58%
Singles/Exclusives Evolution of Michael Jackson
58%
Singles/Exclusives Evolution of Music
58%
Singles/Exclusives Evolution of Rihanna
58%
PTX Vol. IV: Classics 2 Imagine
58%
PTX Vol. III 3 La La Latch
58%
That's Christmas to Me 6 Mary, Did You Know?
58%
That's Christmas to Me 16 Mary, Did You Know (feat. The String Mob)
58%
Pentatonix 1 Na Na Na
58%
PTX Vol. I 3 Somebody That I Used To Know
58%
The Lucky Ones 11 The Lucky Ones
58%
That's Christmas to Me 2 White Winter Hymnal
58%
PTXmas 1 Angels We Have Heard on High
50%
A Pentatonix Christmas 14 Away In a Manger
50%
PTX Vol. IV: Classics 6 Can't Help Falling In Love
50%
The Lucky Ones 3 Coffee In Bed
50%
Pentatonix 9 Cracked
50%
Sing-Off E.T.
50%
Singles/Exclusives Evolution of Beyonce
50%
PTX Vol. II 5 Hey Momma / Hit The Road Jack
50%
At Home - EP 1 Home
50%
PTX Vol. IV: Classics 7 Jolene (feat. Dolly Parton)
50%
Pentatonix 13 Light In the Hallway
50%
PTX Vol. II 3 Love Again
50%
PTX Presents: Top Pop, Vol I 5 Perfect
50%
PTX Vol. III 4 Rather Be
50%
Pentatonix 7 Rose Gold
50%
Singles/Exclusives Stars
50%
Pentatonix 10 Water
50%
That's Christmas to Me 4 Winter Wonderland / Don't Worry Be Happy
50%
The Lucky Ones 4 Be My Eyes
42%
At Home - EP 2 Blinding Lights
42%
Singles/Exclusives Can You Feel the Love Tonight
42%
Singles/Exclusives Come Along
42%
PTX Presents: Top Pop, Vol I 2 Finesse
42%
A Pentatonix Christmas 2 God Rest Ye Merry Gentlemen
42%
Christmas Is Here! 4 Grown-Up Christmas List (feat. Kelly Clarkson)
42%
PTX Vol. II 6 I Need Your Love
42%
Christmas Is Here! 12 Jingle Bells (with Orchestra)
42%
PTX Presents: Top Pop, Vol I 3 New Rules x Are You That Somebody?
42%
Pentatonix 12 New Year's Day
42%
PTX Vol. III 2 On My Way Home
42%
PTX Vol. III 6 Papaoutai
42%
Singles/Exclusives Perfume Medley
42%
PTX Presents: Top Pop, Vol I 10 Praying
42%
PTX Vol. II 7 Run To You
42%
That's Christmas to Me 10 Silent Night
42%
PTX Vol. I 1 Starships
42%
Christmas Is Here! 6 Sweater Weather
42%
That's Christmas to Me 14 The First Noel
42%
A Pentatonix Christmas 3 White Christmas (feat. The Manhattan Transfer)
42%
We Need A Little Christmas 1 12 Days Of Christmas
33%
PTX Vol. IV: Classics 3 Boogie Woogie Bugle Boy
33%
A Pentatonix Christmas 9 Coldest Winter
33%
The Best Of Pentatonix Christmas 19 Coldest Winter (Bobby Alt Drum Mix)
33%
At Home - EP 5 Cologne
33%
A Pentatonix Christmas 12 Deck the Halls
33%
PTX Presents: Top Pop, Vol I 8 Despacito x Shape Of You
33%
Sing-Off Dog Days Are Over
33%
At Home - EP 6 Dreams
33%
At Home - EP 7 Dreams (Oliver Nelson Remix)
33%
At Home - EP 8 Dreams (Tobtok Remix)
33%
PTX Presents: Top Pop, Vol I 7 Feel It Still
33%
Sing-Off Forget You / Since U Been Gone
33%
Pentatonix 8 If I Ever Fall In Love (feat. Jason Derulo)
33%
That's Christmas to Me 12 Joy to the World
33%
Pentatonix 16 Lean On
33%
That's Christmas to Me 11 Let It Go
33%
The Lucky Ones 2 Love Me When I Don't
33%
PTX Vol. II 2 Natural Disaster
33%
Singles/Exclusives NSYNC Medley
33%
A Pentatonix Christmas 1 O Come, All Ye Faithful
33%
PTX Vol. IV: Classics 4 Over The Rainbow
33%
PTX Vol. III 1 Problem
33%
PTX Vol. I 5 Show You How To Love
33%
That's Christmas to Me 3 Sleigh Ride
33%
PTX Vol. III 7 Standing By
33%
PTX Vol. I 2 The Baddest Girl
33%
PTXmas 4 The Christmas Song (Chestnuts Roasting on an Open Fire)
33%
Singles/Exclusives The Sound of Silence
33%
PTXmas 6 This Christmas
33%
A Pentatonix Christmas 5 Up On the Housetop
33%
Singles/Exclusives Waving Through a Window
33%
We Need A Little Christmas 12 We Need A Little Christmas
33%
At Home - EP 3 when the party's over
33%
Pentatonix 14 Where Are Ü Now
33%
Christmas Is Here! 11 Where Are You Christmas?
33%
The Best Of Pentatonix Christmas 14 You're a Mean One, Mr. Grinch
33%
Sing-Off Born To Be Wild
25%
At Home - EP 4 Break My Heart
25%
A Pentatonix Christmas 7 Coventry Carol
25%
The Best Of Pentatonix Christmas 3 God Only Knows
25%
PTXmas 8 Go Tell It On the Mountain
25%
The Lucky Ones 1 Happy Now
25%
That's Christmas to Me 1 Hark! The Herald Angels Sing
25%
A Pentatonix Christmas 13 How Great Thou Art (feat. Jennifer Hudson)
25%
We Need A Little Christmas 3 My Favorite Things
25%
PTXmas 2 O Come, O Come Emmanuel
25%
PTXmas 5 O Holy Night
25%
We Need A Little Christmas 9 Once Upon A December
25%
That's Christmas to Me 9 Santa Claus is Coming to Town
25%
PTX Vol. II 9 Save The World / Don't You Worry Child
25%
We Need A Little Christmas 13 Seasons Of Love
25%
PTX Vol. III 5 See Through
25%
Singles/Exclusives Shallow
25%
PTX Presents: Top Pop, Vol I 11 Sorry Not Sorry
25%
Sing-Off Stuck Like Glue
25%
Singles/Exclusives Telephone
25%
PTX Vol. II 4 Valentine
25%
PTX Vol. I 7 We Are Young
25%
The Lucky Ones 7 Bored
17%
Singles/Exclusives Cruisin' for a Bruisin'
17%
Singles/Exclusives Dancing on My Own
17%
The Lucky Ones 8 Exit Signs
17%
Sing-Off Eye of the Tiger
17%
Pentatonix 6 First Things First
17%
Singles/Exclusives Gangnam Style
17%
A Pentatonix Christmas 10 Good To Be Bad
17%
Christmas Is Here! 5 Greensleeves (Interlude)
17%
We Need A Little Christmas 10 Happy Holiday / The Holiday Season
17%
That's Christmas to Me 15 Have Yourself a Merry Little Christmas
17%
Christmas Is Here! 9 Here Comes Santa Claus
17%
PTX Presents: Top Pop, Vol I 9 Issues
17%
That's Christmas to Me 8 It's the Most Wonderful Time of the Year
17%
That's Christmas to Me 13 Just for Now
17%
A Pentatonix Christmas 15 Let It Snow! Let It Snow! Let It Snow!
17%
Sing-Off Let's Get It On
17%
Sing-Off Love Lockdown
17%
PTX Vol. I 6 Love You Long Time
17%
Christmas Is Here! 10 Making Christmas
17%
A Pentatonix Christmas 11 Merry Christmas, Happy Holidays
17%
Pentatonix 4 Misbehavin'
17%
Sing-Off Mistletoe
17%
Sing-Off Omg
17%
Christmas Is Here! 2 Rockin' Around the Christmas Tree
17%
We Need A Little Christmas 2 Rudolph The Red-Nosed Reindeer
17%
We Need A Little Christmas 6 Santa Tell Me
17%
PTX Presents: Top Pop, Vol I 6 Stay
17%
Pentatonix 11 Take Me Home
17%
We Need A Little Christmas 5 Thank You
17%
Sing-Off Video Killed the Radio Star
17%
Singles/Exclusives "Wetten, dass..?" Medley
17%
Christmas Is Here! 7 When You Believe (with Maren Morris)
17%
Sing-Off Your Love Is My Drug
17%
The Lucky Ones 5 A Little Space
8%
We Need A Little Christmas 4 Amazing Grace (My Chains Are Gone)
8%
Singles/Exclusives Auld Lang Syne
8%
The Best Of Pentatonix Christmas 8 Do You Hear What I Hear? (feat. Whitney Houston)
8%
Christmas Is Here! 3 It's Beginning to Look a Lot Like Christmas
8%
The Lucky Ones 10 It's Different Now
8%
We Need A Little Christmas 7 Jingle Bell Pop
8%
The Best Of Pentatonix Christmas 7 Joyful Joyful (feat. Jazmine Sullivan)
8%
Singles/Exclusives Mad World
8%
Singles/Exclusives Mad World (Steve James Remix)
8%
The Lucky Ones 9 Never Gonna Cry Again
8%
Sing-Off Piece of My Heart
8%
Singles/Exclusives Pretender
8%
Pentatonix 5 Ref
8%
The Lucky Ones 6 Side
8%
A Pentatonix Christmas 6 The Christmas Sing-Along
8%
Sing-Off We Three Kings
8%
Christmas Is Here! 1 What Christmas Means to Me
8%
We Need A Little Christmas 8 When You Wish Upon A Star
8%
Sing-Off Without You
8%
Singles/Exclusives Wizard of Ahhhs
8%
Singles/Exclusives Any Way Your Want It
0%
Sing-Off Britney Spears Medley (Oops!... I Did It Again, Toxic, Hold It Against Me)
0%
Singles/Exclusives Ghostbusters
0%
A Pentatonix Christmas 4 I'll Be Home For Christmas
0%
Sing-Off Just Give Me One Night (Una Noche)
0%
Singles/Exclusives Little Drummer Boy (Lema x Savi Remix)
0%
Christmas Is Here! 8 Watlx of the Flowers
0%
Singles/Exclusives What Is This Feeling (Live)
0%
We Need A Little Christmas 11 White Christmas (with Bing Crosby & London Symphony Orchestra)
0%
No matching quizzes found
Score Distribution
Percent of People with Each Score
Percentile by Number Answered
Your Score History
You have not taken this quiz since the last reset